000 00699nam a2200277Ia 4500
005 20260324122036.0
008 008 260324s9999 xx 000 0 eng d
020 _a9780429062018
037 _aEBOOK
040 _aCRL
040 _beng
040 _cCRL
041 _2eng
041 _aeng
084 _qCRL
100 _aJithesh Sathyan; Anoop N.; Navin Narayan; Shibu Kizhakke Vallathai
_91164882
245 2 _aA Comprehensive Guide to Enterprise Mobility
260 _bTaylor and Francis
260 _c2013
365 _a
365 _b260
856 _uhttp://www.taylorfrancis.com/books/9780429062018
942 _cEBOOK
999 _c1757346
_d1757346